| 000 | 01428nam a2200349 a 4500 | ||
|---|---|---|---|
| 001 | ebr10392695 | ||
| 003 | CaPaEBR | ||
| 006 | m u | ||
| 007 | cr cn||||||||| | ||
| 008 | 010402s2000 enka sb 001 0 eng | ||
| 010 | _z 2001267952 | ||
| 020 | _z0761967745 | ||
| 020 | _z0761967753 (pbk.) | ||
| 020 | _z9780761967743 | ||
| 020 | _z9780857026491 (e-book) | ||
| 040 |
_aCaPaEBR _cCaPaEBR |
||
| 035 | _a(OCoLC)646067977 | ||
| 050 | 1 | 4 |
_aBF311 _b.S657 2000eb |
| 082 | 0 | 4 |
_a153 _221 |
| 100 | 1 | _aSommerhoff, Gerd. | |
| 245 | 1 | 0 |
_aUnderstanding consciousness _h[electronic resource] : _bits function and brain processes / _cGerd Sommerhoff. |
| 260 |
_aLondon ; _aThousand Oaks : _bSAGE Publications, _c2000. |
||
| 300 |
_axiii, 186 p. : _bill. |
||
| 504 | _aIncludes bibliographical references (p. [173]-182) and index. | ||
| 505 | 0 | _apt. 1. Consciousness explained in simple, functional terms -- pt. 2. The fabric of the underlying brain processes. | |
| 533 |
_aElectronic reproduction. _bPalo Alto, Calif. : _cebrary, _d2013. _nAvailable via World Wide Web. _nAccess may be limited to ebrary affiliated libraries. |
||
| 650 | 0 |
_aConsciousness _xPhysiological aspects. |
|
| 650 | 0 | _aNeuropsychology. | |
| 655 | 7 |
_aElectronic books. _2local |
|
| 710 | 2 | _aebrary, Inc. | |
| 856 | 4 | 0 |
_uhttp://site.ebrary.com/lib/rucke/Doc?id=10392695 _zAn electronic book accessible through the World Wide Web; click to view |
| 999 |
_c191131 _d191131 |
||